02367nam a2200385 i 4500001001000000003000900010005001700019007000300036008004100039040003000080041000800110082002400118100005600142245010100198264005100299300005800350336002700408337003300435338002800468500007300496500012600569500004500695534009700740590002600837651005900863651006100922910004700983942001401030952014201044952014801186952021601334952021501550952019901765999001701964000027476DO-SdBNP20260415090434.0ta110329s1973 dr r 000 0 spa d aDO-SdBNPbspacBNPHUerda aspa 4a917.293bA116r 222 aAbad, José Ramónd1845-1915eautor4aut.96442813aLa República Dominicana :breseña general geográfico-estadística /cJosé Ramón Abad. 1aSanto Domingo :bImpresora Arte y Cine,c1973. a397, [xxviii] páginas :bilustraciones ;c22 cm.g  atextobtxt2rdacontent asin mediaciónbn2rdamedia avolumenbnc2rdacarrier aIncluye referencias bibliográficas y notas al pie de las páginas aRedactada por José Ramón Abad, de orden del señor ministro de fomento y obras publicas ciudadano Pedro T. Garrido. aIncluye apéndice : páginas [i]-xxii. cSanto Domingo: Imprenta Carcía Hermanos, 1988pReproducción fascimil de la edición de  aInventariado, 2019/BT 4aRepública Dominicana xGeografía política954551 4aRepública Dominicana xDescripciónxHistoria 977234 aVMateo / Validado. Control de calidad. MFF 2ddccLBS1 00102ddc51708PDaBNPHUbBNPHUcHDd2011-04-01eDepósito Legali l0oBNPHU PD 917.293 A116rp27476-10r2020-06-25w2020-06-25yLBS1 00102ddc51708PDaBNPHUbBNPHUcHDd2011-04-19eDepósito Legali l0oBNPHU PD 917.293 A116rp27476-20r2020-06-25te. 2w2020-06-25yLBS1 00102ddc56708DSaBNPHUbBNPHUcHDd2011-04-28eDonacióni l0oBNPHU DS 917.293 A116rp27476-30r2020-06-25te. 3w2020-06-25yLBS1zPerteneció a la biblioteca personal de Aída Cartagena Portalatín. 00102ddc56708DSaBNPHUbBNPHUcHDd2011-04-28eDonacióni l0oBNPHU DS 917.293 A116rp27476-40r2020-06-25te. 4w2020-06-25yLBS1zPerteneció a la biblioteca personal de Juan Isidro Jimenes Grullón. 00102ddc56708DSaBNPHUbBNPHUcHDd2011-04-28eDonaciónl0oBNPHU DS 917.293 A116rp27476-50r2020-06-25te. 5w2020-06-25yLBS1zPerteneció a la biblioteca personal de Bárbara Suncar. c26968d26968